| 000 | 00584nam a2200241Ia 4500 | ||
|---|---|---|---|
| 001 | 12152 | ||
| 003 | GE_BSU | ||
| 008 | 181216s||||||||xx |||||||||||||| ||und|| | ||
| 020 | _a9780230291881 | ||
| 040 | _cGE_BSU | ||
| 080 | _a327.7+341.1 | ||
| 100 | _aRittberger,Volker; Zangi,Bernhard; Kruck,Andreas. | ||
| 245 | _aInternational Organization. | ||
| 250 | _a2-nd edition. | ||
| 260 | _aNew York. | ||
| 260 | _bPalgrave macmillan. | ||
| 260 | _c2012 | ||
| 300 | _a330p.24cm. | ||
| 300 | _bill. | ||
| 541 | _h101ლ. | ||
| 653 | _aInternational Organization. | ||
| 942 | _cBK | ||
| 999 |
_c45328 _d45328 |
||